[Event "SVK-chT2C 1819"]
[Site "Slovakia"]
[Date "2019.04.07"]
[Round "11.3"]
[White "Sankova, Stella"]
[Black "Palecek, Peter"]
[Result "1/2-1/2"]
[WhiteElo "2019"]
[BlackElo "2250"]
[PlyCount "46"]
[EventDate "2018.10.13"]
[EventType "team-tourn"]
[EventRounds "11"]
[EventCountry "SVK"]
[SourceTitle "EXT 2020"]
[Source "ChessBase"]
[SourceDate "2019.10.17"]
[SourceVersion "1"]
[SourceVersionDate "2019.10.17"]
[SourceQuality "1"]
[WhiteTeam "Zvolen Slavia"]
[BlackTeam "Liptov Chess School III"]
[WhiteTeamCountry "SVK"]
[BlackTeamCountry "SVK"]

1. e4 e5 2. Nf3 Nc6 3. Bc4 Bc5 4. c3 Nf6 5. d3 d6 6. Bb3 a6 7. Nbd2 b5 8. h3 Bb7 9. Nf1 0-0 10. Ng3 d5 11. Qe2 dxe4 12. dxe4 Qe8 13. Nh4 Na5 14. Bc2 Nc4 15. Nhf5 Nd6 16. 0-0 Nxf5 17. Nxf5 Qc6 18. Be3 Rfe8 19. f3 Bc8 20. Qf2 Bxe3 21. Nxe3 Be6 22. Bb3 Rad8 23. Rfd1 Kf8 1/2-1/2

[Event "SVK-chT2C 1718"]
[Site "Slovakia"]
[Date "2017.10.29"]
[Round "2.3"]
[White "Frink, Ferenc"]
[Black "Palecek, Peter"]
[Result "0-1"]
[WhiteElo "2106"]
[BlackElo "2257"]
[PlyCount "126"]
[EventDate "2017.10.28"]
[EventType "team-tourn"]
[EventRounds "11"]
[EventCountry "SVK"]
[SourceTitle "CBM 181 Extra"]
[Source "ChessBase"]
[SourceDate "2017.12.12"]
[SourceVersion "1"]
[SourceVersionDate "2017.12.12"]
[SourceQuality "1"]
[WhiteTeam "Filakovo"]
[BlackTeam "Liptov Chess School III"]
[WhiteTeamCountry "SVK"]
[BlackTeamCountry "SVK"]

1. e4 c5 2. b4 cxb4 3. a3 d5 4. e5 Nc6 5. d4 Qb6 6. Be3 Bf5 7. Bd3 Bxd3 8. Qxd3 e6 9. Ne2 a5 10. 0-0 Qa6 11. Qd1 Rc8 12. axb4 Bxb4 13. c3 Be7 14. Nf4 Nh6 15. Nh5 Nf5 16. g4 Nxe3 17. fxe3 0-0 18. Ra2 f6 19. exf6 Bxf6 20. Nxf6+ Rxf6 21. Rxf6 gxf6 22. e4 dxe4 23. Re2 Qd3 24. Qxd3 exd3 25. Rxe6 Nxd4 26. Rxf6 Ne2+ 27. Kf2 Nxc3 28. Nd2 Re8 29. Kf1 Re2 30. Nf3 Ne4 31. Rf4 Nd2+ 32. Nxd2 Rxd2 33. Rd4 Rxh2 34. Rxd3 Rb2 35. Rd8+ Kf7 36. Rd7+ Kf6 37. Rxh7 a4 38. Rh6+ Kg7 39. Rh3 Rb3 40. Rh5 b5 41. Rc5 a3 42. Rc7+ Kg6 43. Ra7 Kg5 44. Ke1 Kxg4 45. Kd1 b4 46. Kc2 Rb2+ 47. Kc1 Kf4 48. Re7 Kf3 49. Re8 Re2 50. Rf8+ Ke3 51. Kb1 Kd3 52. Rh8 Kc3 53. Rh3+ Kc4 54. Rh4+ Kb3 55. Rh3+ Ka4 56. Rh4 Rd2 57. Rg4 Kb3 58. Rg3+ Kc4 59. Rg4+ Kc3 60. Rg3+ Rd3 61. Rg1 Re3 62. Rh1 b3 63. Ka1 Kd2 0-1

[Event "SVK-chT2C 1718"]
[Site "Slovakia"]
[Date "2017.10.28"]
[Round "1.3"]
[White "Palecek, Peter"]
[Black "Valuska, Jan"]
[Result "1-0"]
[WhiteElo "2257"]
[BlackElo "2037"]
[PlyCount "117"]
[EventDate "2017.10.28"]
[EventType "team-tourn"]
[EventRounds "11"]
[EventCountry "SVK"]
[SourceTitle "CBM 181 Extra"]
[Source "ChessBase"]
[SourceDate "2017.12.12"]
[SourceVersion "1"]
[SourceVersionDate "2017.12.12"]
[SourceQuality "1"]
[WhiteTeam "Liptov Chess School III"]
[BlackTeam "Zvolen Slavia"]
[WhiteTeamCountry "SVK"]
[BlackTeamCountry "SVK"]

1. Nf3 Nc6 2. e4 e5 3. Bb5 d6 4. 0-0 Bg4 5. d3 Nf6 6. Nbd2 Be7 7. c3 0-0 8. h3 Bd7 9. d4 Nxd4 10. Nxd4 exd4 11. cxd4 Bxb5 12. Re1 c5 13. Nf3 Bc6 14. d5 Bd7 15. Bf4 Re8 16. Bh2 Bf8 17. Nd2 h6 18. f4 b5 19. Qf3 Qa5 20. Red1 Rad8 21. g4 Qb4 22. e5 Qd4+ 23. Kh1 dxe5 24. fxe5 Nh7 25. Ne4 Qxb2 26. Rab1 Qxa2 27. Ra1 Qc4 28. Rac1 Qb4 29. Rb1 Qc4 30. Rbc1 Qb4 31. Rb1 Qa5 32. h4 Be7 33. Bg3 Ra8 34. Rf1 Rf8 35. d6 Qd8 36. dxe7 Qxe7 37. Kh2 Bc6 38. Qf4 Rad8 39. Nd6 Qe6 40. Nf5 Rd7 41. Rf2 Rfd8 42. Re1 Rd1 43. Rfe2 c4 44. Bf2 R8d7 45. Rxd1 Rxd1 46. Bc5 Kh8 47. Nd6 f6 48. Nf5 Qd5 49. Qf2 Qh1+ 50. Kg3 g5 51. e6 Rg1+ 52. Qxg1 Qf3+ 53. Kh2 Qxe2+ 54. Kh3 Qxe6 55. Qf2 gxh4 56. Kxh4 Ng5 57. Nd4 Ne4 58. Qe3 Qd7 59. Nxc6 1-0

[Event "SVK-chT1E 1617"]
[Site "Slovakia"]
[Date "2017.01.22"]
[Round "7.2"]
[White "Palecek, Peter"]
[Black "Hagara, Martin"]
[Result "1/2-1/2"]
[WhiteElo "2240"]
[BlackElo "2138"]
[PlyCount "28"]
[EventDate "2016.10.15"]
[EventType "team-tourn"]
[EventRounds "11"]
[EventCountry "SVK"]
[SourceTitle "EXT 2018"]
[Source "ChessBase"]
[SourceDate "2017.10.13"]
[SourceVersion "1"]
[SourceVersionDate "2017.10.13"]
[SourceQuality "1"]
[WhiteTeam "Liptov Chess School II"]
[BlackTeam "Kezmarok"]
[WhiteTeamCountry "SVK"]
[BlackTeamCountry "SVK"]

1. Nf3 d5 2. g3 Nf6 3. Bg2 e6 4. 0-0 Nbd7 5. d4 Bd6 6. c4 c6 7. b3 0-0 8. Bb2 Re8 9. Nbd2 e5 10. cxd5 cxd5 11. dxe5 Nxe5 12. Nxe5 Bxe5 13. Bxe5 Rxe5 14. Nf3 Re8 1/2-1/2

[Event "SVK-chT2C 1617"]
[Site "Slovakia"]
[Date "2016.12.03"]
[Round "5.4"]
[White "Bella, Julius"]
[Black "Palecek, Peter"]
[Result "0-1"]
[WhiteElo "1920"]
[BlackElo "2245"]
[PlyCount "56"]
[EventDate "2016.10.08"]
[EventType "team-tourn"]
[EventRounds "11"]
[EventCountry "SVK"]
[SourceTitle "EXT 2018"]
[Source "ChessBase"]
[SourceDate "2017.10.13"]
[SourceVersion "1"]
[SourceVersionDate "2017.10.13"]
[SourceQuality "1"]
[WhiteTeam "Podbrezova ZP Sport"]
[BlackTeam "Liptov Chess School III"]
[WhiteTeamCountry "SVK"]
[BlackTeamCountry "SVK"]

1. e4 c5 2. Nf3 e6 3. d4 cxd4 4. Nxd4 a6 5. Nc3 Qc7 6. Be3 Bb4 7. Qd2 Nf6 8. f3 d5 9. a3 Bxc3 10. Qxc3 Qxc3+ 11. bxc3 dxe4 12. Be2 Nd5 13. Bd2 e3 14. Bc1 Nxc3 15. Bd3 Nd5 16. c4 Nf4 17. Bf1 e5 18. Bxe3 Nxg2+ 19. Bxg2 exd4 20. Bxd4 Nc6 21. Bc5 Be6 22. f4 0-0-0 23. Bb6 Rd3 24. Bxc6 bxc6 25. c5 Bd5 26. Rg1 Re8+ 27. Kf2 Rf3+ 28. Kg2 Re2+ 0-1

[Event "SVK-chT 1415"]
[Site "Slovakia"]
[Date "2015.03.20"]
[Round "9.6"]
[White "Nayhebaver, Martin"]
[Black "Palecek, Peter"]
[Result "1-0"]
[WhiteElo "2301"]
[BlackElo "2218"]
[PlyCount "105"]
[EventDate "2014.10.25"]
[EventType "team-tourn"]
[EventRounds "11"]
[EventCountry "SVK"]
[SourceTitle "EXT 2016"]
[Source "ChessBase"]
[SourceDate "2015.10.08"]
[SourceVersion "1"]
[SourceVersionDate "2015.10.08"]
[SourceQuality "1"]
[WhiteTeam "Stara Lubovna"]
[BlackTeam "Liptov Chess School"]
[WhiteTeamCountry "SVK"]
[BlackTeamCountry "SVK"]

1. e4 e5 2. Nf3 Nc6 3. Bb5 a6 4. Ba4 Nf6 5. 0-0 Be7 6. Re1 b5 7. Bb3 d6 8. c3 0-0 9. h3 Na5 10. Bc2 c5 11. d4 Qc7 12. Nbd2 cxd4 13. cxd4 Nc6 14. Nb3 a5 15. Be3 a4 16. Nbd2 Bd7 17. Rc1 Qb7 18. a3 Rac8 19. Bd3 Rfe8 20. Qe2 Nxd4 21. Nxd4 Rxc1 22. Rxc1 exd4 23. Bxd4 b4 24. Nc4 bxa3 25. bxa3 d5 26. Rb1 Qc7 27. exd5 Nxd5 28. Qh5 Nf6 29. Bxf6 Bxf6 30. Qxh7+ Kf8 31. Ne3 Be6 32. Bf5 Qc6 33. Bxe6 fxe6 34. Rd1 Rc8 35. Ng4 Bb2 36. Rd3 Qc1+ 37. Kh2 Qc7+ 38. g3 Qc6 39. Qh8+ Ke7 40. Qh4+ Kf7 41. Qh5+ Kg8 42. Qg6 Kf8 43. Qg5 Re8 44. Qd2 Qc1 45. Qb4+ Kg8 46. Qxa4 Rc8 47. Qb3 Re8 48. Re3 Kf7 49. Qb7+ Re7 50. Rf3+ Bf6 51. Qe4 Qg5 52. h4 Qh5 53. Qf4 1-0

[Event "SVK-chT1E 1314"]
[Site "Slovakia"]
[Date "2013.11.17"]
[Round "4.2"]
[White "Palecek, Peter"]
[Black "Bednar, Milan"]
[Result "1-0"]
[WhiteElo "2212"]
[BlackElo "2240"]
[PlyCount "133"]
[EventDate "2013.10.12"]
[EventType "team-tourn"]
[EventRounds "11"]
[EventCountry "SVK"]
[SourceTitle "EXT 2015"]
[Source "ChessBase"]
[SourceDate "2014.11.20"]
[SourceVersion "1"]
[SourceVersionDate "2014.11.20"]
[SourceQuality "1"]
[WhiteTeam "Liptov Chess School"]
[BlackTeam "Bardejov"]
[WhiteTeamCountry "SVK"]
[BlackTeamCountry "SVK"]

1. e4 Nf6 2. e5 Nd5 3. d4 d6 4. Nf3 Bg4 5. Be2 e6 6. 0-0 Be7 7. b3 0-0 8. c4 Nb6 9. Be3 Nc6 10. Nc3 d5 11. c5 Nc8 12. Ne1 Bxe2 13. Nxe2 b6 14. cxb6 cxb6 15. Nd3 a6 16. Ng3 N8a7 17. Qg4 Nb5 18. a4 Nc7 19. Bh6 Ne8 20. Nh5 g6 21. Bxf8 Bxf8 22. Ng3 Ng7 23. Rfc1 Rc8 24. Ne1 h5 25. Qd1 h4 26. Ne2 Nf5 27. Nf3 Qd7 28. Rc2 Kg7 29. g4 hxg3 30. Nxg3 Be7 31. Nxf5+ exf5 32. Qe2 Rh8 33. Rac1 Nb4 34. e6 Qxe6 35. Qxe6 fxe6 36. Rc7 Kf6 37. Rd7 Nd3 38. Rcc7 Re8 39. Ne5 Nf4 40. Kf1 g5 41. Nc6 Bf8 42. f3 g4 43. Ne5 Kg5 44. Rh7 Ng6 45. f4+ Nxf4 46. Rh8 Re7 47. Rg8+ Kh5 48. Rxe7 Bxe7 49. Rb8 b5 50. axb5 axb5 51. Rxb5 Ba3 52. Nc6 Kg5 53. Ra5 Bd6 54. b4 Nd3 55. b5 Bxh2 56. Ra3 Nf4 57. b6 g3 58. Rxg3+ Bxg3 59. b7 Ng6 60. Ne5 Bxe5 61. dxe5 Nxe5 62. b8Q Nf7 63. Qg3+ Kf6 64. Qh4+ Ke5 65. Qe7 Nd6 66. Qc7 f4 67. Ke2 1-0

[Event "SVK-chT1E 1314"]
[Site "Slovakia"]
[Date "2013.10.12"]
[Round "1.2"]
[White "Palecek, Peter"]
[Black "Rajnak, Daniel"]
[Result "1/2-1/2"]
[WhiteElo "2212"]
[BlackElo "2188"]
[PlyCount "95"]
[EventDate "2013.10.12"]
[EventType "team-tourn"]
[EventRounds "11"]
[EventCountry "SVK"]
[SourceTitle "EXT 2015"]
[Source "ChessBase"]
[SourceDate "2014.11.20"]
[SourceVersion "1"]
[SourceVersionDate "2014.11.20"]
[SourceQuality "1"]
[WhiteTeam "Liptov Chess School"]
[BlackTeam "Humenne"]
[WhiteTeamCountry "SVK"]
[BlackTeamCountry "SVK"]

1. e4 e6 2. d4 d5 3. Nd2 dxe4 4. Nxe4 Nd7 5. Bd3 c5 6. Nf3 cxd4 7. 0-0 Nc5 8. Nxd4 Nxd3 9. Qxd3 a6 10. Rd1 Qc7 11. Nb3 Be7 12. Be3 Nf6 13. Nd6+ Bxd6 14. Qxd6 Qxd6 15. Rxd6 Bd7 16. Rad1 Bc6 17. Na5 Be4 18. c4 b5 19. f3 Bg6 20. b3 bxc4 21. bxc4 0-0 22. Nc6 Bc2 23. R1d2 Ba4 24. Ne5 Rfc8 25. Bb6 Ne8 26. R6d4 f6 27. c5 Bb5 28. Ng4 Kf7 29. Ne3 Rab8 30. Kf2 h5 31. a4 Bc6 32. Nc2 Bb5 33. Na3 Bc6 34. a5 Ke7 35. Nc4 Bd5 36. Ne3 Bc6 37. Rh4 g6 38. g4 Ng7 39. gxh5 gxh5 40. Nc4 Nf5 41. Rf4 Rg8 42. Nd6 Nh6 43. Rh4 Rg5 44. Rh3 Rbg8 45. Rg3 h4 46. Rxg5 fxg5 47. Nc4 Nf7 48. Bc7 1/2-1/2

[Event "SVK-chT1E 1213"]
[Site "Slovakia"]
[Date "2013.03.24"]
[Round "11.1"]
[White "Bednar, Milan"]
[Black "Palecek, Peter"]
[Result "1/2-1/2"]
[WhiteElo "2241"]
[BlackElo "2225"]
[PlyCount "97"]
[EventDate "2012.10.20"]
[EventType "team-tourn"]
[EventRounds "11"]
[EventCountry "SVK"]
[SourceTitle "EXT 2015"]
[Source "ChessBase"]
[SourceDate "2014.11.20"]
[SourceVersion "1"]
[SourceVersionDate "2014.11.20"]
[SourceQuality "1"]
[WhiteTeam "Bardejov"]
[BlackTeam "Liptov Chess School"]
[WhiteTeamCountry "SVK"]
[BlackTeamCountry "SVK"]

1. c4 e5 2. e4 Nf6 3. Nc3 Bc5 4. Nf3 d6 5. Be2 Nc6 6. d3 Nd4 7. 0-0 0-0 8. Nxd4 Bxd4 9. Bg5 h6 10. Be3 c5 11. Bd2 Nh7 12. Kh1 f5 13. f4 fxe4 14. dxe4 Nf6 15. f5 Bd7 16. Bf3 Bc6 17. Qe2 Rb8 18. g4 a6 19. h4 b5 20. g5 Nh7 21. Qg2 bxc4 22. Rab1 Kh8 23. Qh2 Rg8 24. gxh6 g6 25. Be1 gxf5 26. exf5 Bxf3+ 27. Rxf3 Rg1+ 28. Qxg1 Bxg1 29. Kxg1 Qf6 30. Rd1 Qxh6 31. Ne4 Qh5 32. Kg2 Rxb2+ 33. Kg3 Rb6 34. Bc3 Qh6 35. Kh3 Nf6 36. Rxd6 Rxd6 37. Nxd6 Qc1 38. Bxe5 Qh1+ 39. Kg3 Qe1+ 40. Kf4 Qxh4+ 41. Ke3 Qe1+ 42. Kf4 Qh4+ 43. Ke3 Kh7 44. Bxf6 Qxf6 45. Ne4 Qh6+ 46. Rf4 Qh3+ 47. Rf3 Qh5 48. Rf4 Qh3+ 49. Rf3 1/2-1/2

[Event "SVK-chT1E 1213"]
[Site "Slovakia"]
[Date "2013.03.23"]
[Round "10.2"]
[White "Palecek, Peter"]
[Black "Mazur, Stefan"]
[Result "0-1"]
[WhiteElo "2225"]
[BlackElo "2388"]
[PlyCount "164"]
[EventDate "2012.10.20"]
[EventType "team-tourn"]
[EventRounds "11"]
[EventCountry "SVK"]
[SourceTitle "EXT 2015"]
[Source "ChessBase"]
[SourceDate "2014.11.20"]
[SourceVersion "1"]
[SourceVersionDate "2014.11.20"]
[SourceQuality "1"]
[WhiteTeam "Liptov Chess School"]
[BlackTeam "Michalovce Zemplin"]
[WhiteTeamCountry "SVK"]
[BlackTeamCountry "SVK"]

1. e4 e5 2. Nf3 Nc6 3. Bb5 a6 4. Ba4 Nf6 5. 0-0 Be7 6. Re1 b5 7. Bb3 d6 8. c3 0-0 9. h3 Na5 10. Bc2 c5 11. d4 Qc7 12. Nbd2 cxd4 13. cxd4 Nc6 14. Nb3 a5 15. Be3 a4 16. Nbd2 Bd7 17. Rc1 Rac8 18. Bd3 Qb8 19. Qe2 Nb4 20. Bb1 Rxc1 21. Rxc1 Rc8 22. Qe1 Nc6 23. d5 Nb4 24. Nf1 Rxc1 25. Bxc1 Na6 26. Ng3 Bd8 27. Be3 h6 28. Qc1 Bb6 29. Nh4 Qa7 30. Nhf5 Bxe3 31. Qxe3 Qxe3 32. Nxe3 g6 33. f3 Kf8 34. Kf2 Ke7 35. Nd1 Kd8 36. Ke3 Kc7 37. Ne2 Nh5 38. f4 f6 39. g4 Nxf4 40. Nxf4 exf4+ 41. Kxf4 Kb6 42. Ke3 Be8 43. Kd4 Nc5 44. Nf2 Nd7 45. Bd3 Ne5 46. Be2 g5 47. Nd1 Ng6 48. Ne3 Nf4 49. Bf1 Bd7 50. Nd1 h5 51. Ne3 h4 52. Nc2 b4 53. Nxb4 Bb5 54. Bxb5 Kxb5 55. Nd3 Nxh3 56. Ke3 Kc4 57. Ne1 Nf4 58. Nf3 Ng6 59. Nd2+ Kc5 60. b3 Ne5 61. bxa4 Nxg4+ 62. Kf3 Ne5+ 63. Kf2 Kb4 64. Nb3 Kxa4 65. Nd4 Nf7 66. Kf3 Ka3 67. Kg4 Ne5+ 68. Kf5 g4 69. Kxf6 g3 70. Ne2 g2 71. Ng1 Kxa2 72. Ke6 Nf3 73. Nxf3 h3 74. Kxd6 h2 75. Nxh2 g1Q 76. Nf3 Qg6+ 77. Kc5 Qxe4 78. Nd4 Kb2 79. Nb5 Kb3 80. d6 Qc4+ 81. Kb6 Kb4 82. Na7 Qc5+ 0-1

[Event "SVK-chT2C 1213"]
[Site "Slovakia"]
[Date "2013.02.16"]
[Round "8.2"]
[White "Matejov, Jaroslav"]
[Black "Palecek, Peter"]
[Result "1-0"]
[WhiteElo "2137"]
[BlackElo "2225"]
[PlyCount "109"]
[EventDate "2012.10.13"]
[EventType "team-tourn"]
[EventRounds "11"]
[EventCountry "SVK"]
[SourceTitle "EXT 2015"]
[Source "ChessBase"]
[SourceDate "2014.11.20"]
[SourceVersion "1"]
[SourceVersionDate "2014.11.20"]
[SourceQuality "1"]
[WhiteTeam "Zilina DMS"]
[BlackTeam "Liptov Chess School II"]
[WhiteTeamCountry "SVK"]
[BlackTeamCountry "SVK"]

1. e4 e5 2. Nf3 Nc6 3. Bb5 a6 4. Ba4 Nf6 5. 0-0 Be7 6. d3 b5 7. Bb3 d6 8. h3 Na5 9. Nc3 0-0 10. Ne2 Nxb3 11. axb3 c5 12. c4 Bd7 13. Ng3 Ne8 14. Nf5 Bxf5 15. exf5 Qd7 16. g4 f6 17. Qe2 d5 18. Ne1 Nd6 19. Ng2 d4 20. f4 Nf7 21. fxe5 Nxe5 22. Nf4 Bd6 23. Nd5 Rae8 24. Qc2 Qb7 25. Bf4 bxc4 26. bxc4 Rb8 27. Bxe5 Bxe5 28. Rf2 Rfd8 29. Ra5 Rbc8 30. Qa4 Bd6 31. Re2 Ra8 32. Qc2 Re8 33. Ra1 Re5 34. Rxe5 Bxe5 35. Re1 Rb8 36. Re2 Kf7 37. Kf1 Qc6 38. h4 a5 39. Rg2 Qd7 40. Qd1 a4 41. Rd2 Rb3 42. Qf3 a3 43. bxa3 Kg8 44. g5 Rb1+ 45. Kg2 Bb8 46. Qe4 Be5 47. gxf6 Bxf6 48. Kh3 Bd8 49. Re2 Kf7 50. Qe6+ Qxe6 51. fxe6+ Ke8 52. e7 Ba5 53. Rf2 Re1 54. Rf8+ Kd7 55. Ra8 1-0

[Event "SVK-chT 1213"]
[Site "Slovakia"]
[Date "2013.02.09"]
[Round "7.3"]
[White "Schwarz, Dusan"]
[Black "Palecek, Peter"]
[Result "1-0"]
[WhiteElo "2305"]
[BlackElo "2225"]
[PlyCount "65"]
[EventDate "2012.10.27"]
[EventType "team-tourn"]
[EventRounds "11"]
[EventCountry "SVK"]
[SourceTitle "EXT 2014"]
[Source "ChessBase"]
[SourceDate "2013.11.20"]
[SourceVersion "1"]
[SourceVersionDate "2013.11.20"]
[SourceQuality "1"]
[WhiteTeam "Bratislava Doprastav"]
[BlackTeam "Dunajov"]
[WhiteTeamCountry "SVK"]
[BlackTeamCountry "SVK"]

1. d4 Nf6 2. c4 e6 3. Nc3 Bb4 4. f3 c5 5. d5 b5 6. e4 bxc4 7. Bxc4 exd5 8. Bxd5 Nxd5 9. Qxd5 Nc6 10. Nge2 Ba6 11. Kf2 0-0 12. Rd1 Qb6 13. Be3 Bxc3 14. bxc3 Qb2 15. Qd2 Qb5 16. Rab1 Qc4 17. Nf4 Ne5 18. Qd5 d6 19. Qxd6 Qxa2+ 20. Kg1 Nc4 21. Qxc5 Nxe3 22. Qxe3 Qc4 23. Nd5 Rfe8 24. Qd4 Qc8 25. Qb4 Kh8 26. Qa5 Be2 27. Rd2 Bc4 28. Nc7 Rb8 29. Rxb8 Qxb8 30. Nxe8 Qb1+ 31. Kf2 Qf1+ 32. Kg3 Qe1+ 33. Rf2 1-0

[Event "CZE-chT1E 1213"]
[Site "Czech Republic"]
[Date "2013.01.27"]
[Round "6.4"]
[White "Vyskocil, Neklan"]
[Black "Palecek, Peter"]
[Result "1-0"]
[WhiteElo "2368"]
[BlackElo "2225"]
[PlyCount "61"]
[EventDate "2012.10.21"]
[EventType "team-tourn"]
[EventRounds "11"]
[EventCountry "CZE"]
[SourceTitle "EXT 2014"]
[Source "ChessBase"]
[SourceDate "2013.11.20"]
[SourceVersion "1"]
[SourceVersionDate "2013.11.20"]
[SourceQuality "1"]
[WhiteTeam "Brno Duras"]
[BlackTeam "Polabiny II"]
[WhiteTeamCountry "CZE"]
[BlackTeamCountry "CZE"]

1. d4 d5 2. c4 e6 3. Nc3 c6 4. e3 Nf6 5. Nf3 Nbd7 6. Qc2 Bd6 7. Be2 0-0 8. 0-0 Qe7 9. e4 dxe4 10. Nxe4 Nxe4 11. Qxe4 f5 12. Qc2 c5 13. Bg5 Qf7 14. Rad1 cxd4 15. Nxd4 Be5 16. c5 Nf6 17. Bf3 h6 18. Bc1 Nd5 19. Rfe1 Bxd4 20. Rxd4 Bd7 21. b4 a5 22. Qc4 b5 23. cxb6 Rac8 24. Qb3 a4 25. Qd1 Bc6 26. b5 Nc3 27. bxc6 Nxd1 28. Rexd1 Qe7 29. b7 Rc7 30. Rxa4 e5 31. Ba3 1-0

[Event "SVK-chT 1213"]
[Site "Slovakia"]
[Date "2013.01.20"]
[Round "6.2"]
[White "Najgebauer, Szemjon"]
[Black "Palecek, Peter"]
[Result "1/2-1/2"]
[WhiteElo "2187"]
[BlackElo "2225"]
[PlyCount "44"]
[EventDate "2012.10.27"]
[EventType "team-tourn"]
[EventRounds "11"]
[EventCountry "SVK"]
[SourceTitle "EXT 2014"]
[Source "ChessBase"]
[SourceDate "2013.11.20"]
[SourceVersion "1"]
[SourceVersionDate "2013.11.20"]
[SourceQuality "1"]
[WhiteTeam "Kosice Slavia"]
[BlackTeam "Dunajov"]
[WhiteTeamCountry "SVK"]
[BlackTeamCountry "SVK"]

1. d4 Nf6 2. Nf3 e6 3. c4 b6 4. a3 Bb7 5. Nc3 d5 6. cxd5 Nxd5 7. Bd2 Nd7 8. Qc2 Be7 9. e3 0-0 10. Bd3 N7f6 11. 0-0 c5 12. dxc5 Bxc5 13. e4 Nxc3 14. Bxc3 h6 15. Rad1 Rc8 16. Qe2 Qe7 17. Rc1 a5 18. Bb1 Rfd8 19. Ne5 Nd7 20. Rfd1 Nxe5 21. Bxe5 Qg5 22. Bc3 e5 1/2-1/2

[Event "SVK-chT2C 1213"]
[Site "Slovakia"]
[Date "2012.12.16"]
[Round "6.2"]
[White "Trgina, Daniel"]
[Black "Palecek, Peter"]
[Result "1/2-1/2"]
[WhiteElo "2105"]
[BlackElo "2225"]
[PlyCount "39"]
[EventDate "2012.10.13"]
[EventType "team-tourn"]
[EventRounds "11"]
[EventCountry "SVK"]
[SourceTitle "EXT 2015"]
[Source "ChessBase"]
[SourceDate "2014.11.20"]
[SourceVersion "1"]
[SourceVersionDate "2014.11.20"]
[SourceQuality "1"]
[WhiteTeam "Banska Bystrica Veza"]
[BlackTeam "Liptov Chess School II"]
[WhiteTeamCountry "SVK"]
[BlackTeamCountry "SVK"]

1. e4 e5 2. Nf3 Nc6 3. Bb5 a6 4. Ba4 Nf6 5. 0-0 Be7 6. Re1 b5 7. Bb3 0-0 8. d3 d6 9. c3 Na5 10. Bc2 c5 11. Nbd2 Nc6 12. Nf1 Re8 13. Ng3 Bf8 14. h3 h6 15. a4 Bb7 16. d4 cxd4 17. cxd4 exd4 18. Nxd4 Nxd4 19. Qxd4 Rc8 20. Bb3 1/2-1/2

[Event "SVK-chT2C 1213"]
[Site "Slovakia"]
[Date "2012.12.02"]
[Round "4.2"]
[White "Hamornik, Jozef"]
[Black "Palecek, Peter"]
[Result "1/2-1/2"]
[WhiteElo "2048"]
[BlackElo "2225"]
[PlyCount "112"]
[EventDate "2012.10.13"]
[EventType "team-tourn"]
[EventRounds "11"]
[EventCountry "SVK"]
[SourceTitle "EXT 2015"]
[Source "ChessBase"]
[SourceDate "2014.11.20"]
[SourceVersion "1"]
[SourceVersionDate "2014.11.20"]
[SourceQuality "1"]
[WhiteTeam "Detva Podpolanie"]
[BlackTeam "Liptov Chess School II"]
[WhiteTeamCountry "SVK"]
[BlackTeamCountry "SVK"]

1. Nf3 Nf6 2. g3 d5 3. c4 e6 4. Bg2 Be7 5. 0-0 0-0 6. b3 c5 7. Bb2 Nc6 8. cxd5 Nxd5 9. Nc3 Bf6 10. Qc1 Nxc3 11. Bxc3 e5 12. Qb2 Re8 13. d3 Bg4 14. h3 Be6 15. Nxe5 Nxe5 16. Bxe5 Bxe5 17. Qxe5 Bxh3 18. Qh5 Bxg2 19. Kxg2 Qd6 20. Rh1 h6 21. Qf3 Re7 22. Rac1 Rae8 23. Rc2 b6 24. Rh5 Re5 25. Rxe5 Qxe5 26. e3 Rd8 27. Rc4 Rxd3 28. Qa8+ Kh7 29. Qxa7 Qd5+ 30. e4 Qe6 31. Qb7 Rd7 32. Qa8 Rd2 33. Rc3 Re2 34. Rf3 f6 35. Rf4 Rd2 36. Rf3 Re2 37. Rf4 Rd2 38. Rf3 Rd4 39. Re3 c4 40. bxc4 Rxc4 41. Qd5 Qxd5 42. exd5 Rd4 43. Rb3 Rxd5 44. Rxb6 Ra5 45. Rb2 Ra3 46. Kh3 h5 47. Kg2 Kh6 48. Rc2 g5 49. Rb2 Kg6 50. Rc2 g4 51. Rb2 Kg5 52. Rb5+ f5 53. Rb8 Rxa2 54. Rg8+ Kf6 55. Rf8+ Kg6 56. Rg8+ Kf6 1/2-1/2